[Event "Montigny le Bretonneux-A 11th"]
[Site "Montigny le Bretonneux"]
[Date "2012.11.04"]
[Round "9"]
[White "Ben Khelifa, Noomene"]
[Black "Trommsdorf, Fro"]
[Result "0-1"]
[WhiteElo "2093"]
[BlackElo "2040"]
[PlyCount "80"]
[EventDate "2012.10.27"]
[EventType "tourn"]
[EventRounds "9"]
[EventCountry "FRA"]
[SourceTitle "EXT 2014"]
[Source "ChessBase"]
[SourceDate "2013.11.20"]
[SourceVersion "1"]
[SourceVersionDate "2013.11.20"]
[SourceQuality "1"]

1. d4 Nf6 2. c4 e6 3. Nc3 d5 4. e3 Be7 5. Nf3 Nbd7 6. Bd3 c6 7. 0-0 0-0 8. e4 dxc4 9. Bxc4 b5 10. Bd3 b4 11. e5 bxc3 12. exf6 Nxf6 13. bxc3 c5 14. Qe2 Bb7 15. Rd1 cxd4 16. cxd4 Rc8 17. Rb1 Ba8 18. Bg5 Qd6 19. h3 Rfd8 20. Qe3 Nd5 21. Qe4 f5 22. Qe1 Bxg5 23. Nxg5 Nf4 24. Bf1 h6 25. Nf3 Nxh3+ 26. gxh3 Bxf3 27. Rdc1 Be4 28. Rxc8 Rxc8 29. Rc1 Rf8 30. Rc3 Qxd4 31. Rg3 f4 32. Rg4 Bf5 33. Rg2 Bxh3 34. Rg6 Bf5 35. Rg2 Rb8 36. Qe2 Rb1 37. Kh2 f3 38. Qxf3 Rxf1 39. Qg3 Qa1 40. Qb8+ Kh7 0-1

[Event "Paris-ch op-A"]
[Site "Paris"]
[Date "2010.07.07"]
[Round "5"]
[White "Trommsdorf, Fro"]
[Black "Walheim, Pascal"]
[Result "1/2-1/2"]
[WhiteElo "2076"]
[BlackElo "1860"]
[PlyCount "56"]
[EventDate "2010.07.03"]
[EventType "swiss"]
[EventRounds "9"]
[EventCountry "FRA"]
[SourceTitle "CBM 137 Extra"]
[Source "ChessBase"]
[SourceDate "2010.09.01"]
[SourceVersion "1"]
[SourceVersionDate "2010.09.01"]
[SourceQuality "1"]

1. Nf3 Nf6 2. g3 g6 3. Bg2 Bg7 4. d4 d5 5. 0-0 0-0 6. c4 Nc6 7. cxd5 Nxd5 8. e4 Nb6 9. d5 Na5 10. Nc3 c6 11. dxc6 Qxd1 12. Rxd1 Nxc6 13. h3 Bxc3 14. bxc3 f6 15. Bf4 e5 16. Be3 Nc4 17. Bc5 Re8 18. Bf1 Be6 19. Nd2 Nxd2 20. Rxd2 Rad8 21. Rad1 Kf7 22. Rxd8 Rxd8 23. Rxd8 Nxd8 24. Bxa7 Bxa2 25. Bb6 Nc6 26. f3 Be6 27. Kf2 Nb8 28. h4 Nd7 1/2-1/2

[Event "Massy op"]
[Site "Massy"]
[Date "2010.06.??"]
[Round "?"]
[White "Bounya, Myriam"]
[Black "Trommsdorf, Fro"]
[Result "1-0"]
[WhiteElo "1812"]
[BlackElo "2069"]
[PlyCount "49"]
[EventDate "2010.06.??"]
[EventType "swiss"]
[EventRounds "7"]
[EventCountry "FRA"]
[SourceTitle "EXT 2011"]
[Source "ChessBase"]
[SourceDate "2010.11.26"]
[SourceVersion "1"]
[SourceVersionDate "2010.11.26"]
[SourceQuality "1"]

1. d4 Nf6 2. c4 g6 3. Nc3 d5 4. cxd5 Nxd5 5. e4 Nxc3 6. bxc3 Bg7 7. Bc4 c5 8. Be3 Qc7 9. Ne2 cxd4 10. Bb5+ Bd7 11. Bxd7+ Nxd7 12. cxd4 0-0 13. 0-0 Rfc8 14. Rc1 Qa5 15. Qb3 b5 16. Nc3 a6 17. Nd5 Bf8 18. Bg5 Rxc1 19. Rxc1 Rc8 20. Nxe7+ Bxe7 21. Rxc8+ Kg7 22. h4 Qe1+ 23. Kh2 Bxg5 24. hxg5 Qxf2 25. Qh3 1-0

[Event "Massy op"]
[Site "Massy"]
[Date "2010.06.??"]
[Round "?"]
[White "Trommsdorf, Fro"]
[Black "Mousset Evtouchenko, Nina"]
[Result "1-0"]
[WhiteElo "2069"]
[BlackElo "1735"]
[PlyCount "93"]
[EventDate "2010.06.??"]
[EventType "swiss"]
[EventRounds "7"]
[EventCountry "FRA"]
[SourceTitle "EXT 2011"]
[Source "ChessBase"]
[SourceDate "2010.11.26"]
[SourceVersion "1"]
[SourceVersionDate "2010.11.26"]
[SourceQuality "1"]

1. d4 Nf6 2. Nf3 e6 3. c4 c5 4. d5 exd5 5. cxd5 d6 6. Nc3 g6 7. e4 Bg7 8. Bd3 0-0 9. 0-0 Bg4 10. h3 Bxf3 11. Qxf3 Nbd7 12. Bf4 Ne5 13. Qd1 Nfd7 14. Be2 a6 15. a4 Rc8 16. Be3 Nb6 17. Qb3 Qc7 18. f4 Ned7 19. a5 Na8 20. Bc4 Kh8 21. Qd1 Qd8 22. Qd2 Nc7 23. Kh1 f5 24. exf5 gxf5 25. Bf2 Qf6 26. Rae1 Rce8 27. Rxe8 Rxe8 28. Re1 Qg6 29. Rxe8+ Qxe8 30. Qc2 Qh5 31. Qb3 Bxc3 32. bxc3 Qe8 33. Qxb7 Qb8 34. Qxb8+ Nxb8 35. Bh4 Kg7 36. Bd8 Nb5 37. Bxb5 axb5 38. Bc7 Na6 39. Bxd6 Kf6 40. g4 Kg6 41. Kg2 Kf6 42. Kf3 Kg6 43. Ke3 h5 44. gxh5+ Kxh5 45. Bxc5 Nxc5 46. d6 Kh4 47. a6 1-0

[Event "Massy 21th op"]
[Site "Massy "]
[Date "2009.??.??"]
[Round "?"]
[White "Trommsdorf, Fro"]
[Black "Lamorelle, Julien"]
[Result "1/2-1/2"]
[WhiteElo "2093"]
[BlackElo "2170"]
[PlyCount "85"]
[EventDate "2009.06.27"]
[EventType "swiss"]
[EventRounds "7"]
[EventCountry "FRA"]
[SourceTitle "EXT 2010"]
[Source "ChessBase"]
[SourceDate "2010.11.25"]
[SourceVersion "1"]
[SourceVersionDate "2010.11.25"]
[SourceQuality "1"]

1. Nf3 Nf6 2. c4 g6 3. g3 Bg7 4. Bg2 d6 5. Nc3 0-0 6. 0-0 e5 7. d4 exd4 8. Nxd4 Nbd7 9. Bf4 Nh5 10. Rc1 Nxf4 11. gxf4 Nc5 12. e3 a5 13. Nb3 Be6 14. Nxc5 dxc5 15. Qe2 c6 16. Rfd1 Qe7 17. Na4 Rad8 18. b3 h5 19. h3 Bf5 20. Qe1 Rxd1 21. Rxd1 b5 22. cxb5 cxb5 23. Nc3 b4 24. Nd5 Qh4 25. Qf1 Kh8 26. Rc1 Rc8 27. Nb6 Rd8 28. Rd1 Rxd1 29. Qxd1 Bxh3 30. Bxh3 Qxh3 31. Qd8+ Kh7 32. Qd5 Qg4+ 33. Kf1 h4 34. Qg5 Qh3+ 35. Kg1 Bh6 36. Qd5 Qg4+ 37. Kh2 f6 38. Nd7 Bg7 39. Qf7 Qf5 40. Nf8+ Kh6 41. Ne6 Bh8 42. Qg8 Kh5 43. f3 1/2-1/2

[Event "Paris Apsap op 102nd"]
[Site "Paris"]
[Date "2008.08.10"]
[Round "8"]
[White "Trommsdorf, Fro"]
[Black "Strugnell, Carl"]
[Result "0-1"]
[WhiteElo "2125"]
[BlackElo "2194"]
[PlyCount "37"]
[EventDate "2008.07.26"]
[EventType "swiss"]
[EventRounds "9"]
[EventCountry "FRA"]
[SourceTitle "EXT 2010"]
[Source "ChessBase"]
[SourceDate "2010.11.25"]
[SourceVersion "1"]
[SourceVersionDate "2010.11.25"]
[SourceQuality "1"]

1. d4 Nf6 2. Nf3 g6 3. c4 Bg7 4. Nc3 d5 5. Qb3 dxc4 6. Qxc4 0-0 7. e4 a6 8. Qb3 b5 9. a4 bxa4 10. Qxa4 Bd7 11. Qc2 Nc6 12. Bc4 Bg4 13. d5 Bxf3 14. gxf3 Nd4 15. Qd1 Nd7 16. f4 c5 17. Na4 Qb8 18. Bd2 Bh6 19. Qg4 0-1

[Event "Syre Memorial op 30th"]
[Site "Issy les Moulineaux"]
[Date "2007.05.17"]
[Round "1"]
[White "Trommsdorf, Fro"]
[Black "Abergel, Thal"]
[Result "0-1"]
[WhiteElo "2102"]
[BlackElo "2498"]
[PlyCount "42"]
[EventDate "2007.05.17"]
[EventType "swiss"]
[EventRounds "6"]
[EventCountry "FRA"]
[SourceTitle "EXT 2008"]
[Source "ChessBase"]
[SourceDate "2007.11.25"]
[SourceVersion "1"]
[SourceVersionDate "2007.11.25"]
[SourceQuality "1"]

1. d4 Nf6 2. Nf3 e6 3. c4 Bb4+ 4. Bd2 a5 5. a3 Bxd2+ 6. Nbxd2 d5 7. Qc2 Nbd7 8. g3 a4 9. Bg2 0-0 10. 0-0 c6 11. c5 b6 12. cxb6 Qxb6 13. Rac1 Ba6 14. Rfe1 Rfc8 15. Qxa4 Bxe2 16. Qb3 Bb5 17. Qe3 Ne8 18. Qf4 Ra4 19. Bh3 Qb8 20. Qh4 Nf8 21. Re3 Ng6 0-1

[Event "Criterium As 2007-2008"]
[Site "Issy les Moulineaux"]
[Date "2007.??.??"]
[Round "1.1"]
[White "Ricbour, Jeremy"]
[Black "Trommsdorf, Fro"]
[Result "1/2-1/2"]
[WhiteElo "2161"]
[BlackElo "2193"]
[PlyCount "42"]
[EventDate "2007.??.??"]
[EventType "team-match"]
[EventRounds "1"]
[EventCountry "FRA"]
[SourceTitle "EXT 2017"]
[Source "ChessBase"]
[SourceDate "2016.10.25"]
[SourceVersion "1"]
[SourceVersionDate "2016.10.25"]
[SourceQuality "1"]

1. e4 c5 2. Nf3 e6 3. d4 cxd4 4. Nxd4 Nf6 5. Bd3 Nc6 6. Be3 d5 7. Nxc6 bxc6 8. e5 Nd7 9. f4 Ba6 10. 0-0 Qc8 11. Nd2 Bc5 12. Qe2 Bxd3 13. cxd3 0-0 14. Bxc5 Nxc5 15. Rfc1 Nd7 16. Rc3 Qa6 17. Nb3 Rab8 18. Rac1 c5 19. Nxc5 Nxc5 20. Rxc5 Qxa2 21. R1c2 Qa6 1/2-1/2

[Event "GER-chT Seniors 14th"]
[Site "Sottrum"]
[Date "2005.09.22"]
[Round "5"]
[White "Trommsdorf, Fro"]
[Black "Bachmann, Karlheinz"]
[Result "1/2-1/2"]
[WhiteElo "2154"]
[BlackElo "2297"]
[PlyCount "27"]
[EventDate "2005.09.18"]
[EventType "team-swiss"]
[EventRounds "7"]
[EventCountry "GER"]
[SourceTitle "CBM 108 Extra"]
[Source "ChessBase"]
[SourceDate "2005.11.04"]
[SourceVersion "1"]
[SourceVersionDate "2005.11.04"]
[SourceQuality "1"]

1. Nf3 d5 2. g3 c6 3. Bg2 Bf5 4. d3 h6 5. c3 Nf6 6. Qb3 Qb6 7. Be3 Qxb3 8. axb3 a6 9. b4 Nbd7 10. Nd4 Bg6 11. Bh3 e5 12. Nf5 Bxf5 13. Bxf5 Bd6 14. Nd2 1/2-1/2

[Event "GER-chT Seniors 14th"]
[Site "Sottrum"]
[Date "2005.09.19"]
[Round "2"]
[White "Trommsdorf, Fro"]
[Black "Krug, Peter"]
[Result "1-0"]
[WhiteElo "2154"]
[BlackElo "2196"]
[PlyCount "93"]
[EventDate "2005.09.18"]
[EventType "team-swiss"]
[EventRounds "7"]
[EventCountry "GER"]
[SourceTitle "CBM 108 Extra"]
[Source "ChessBase"]
[SourceDate "2005.11.04"]
[SourceVersion "1"]
[SourceVersionDate "2005.11.04"]
[SourceQuality "1"]

1. Nf3 d5 2. g3 Bg4 3. Bg2 Nd7 4. d4 e6 5. c4 c6 6. Qb3 Qb6 7. Nc3 Ngf6 8. 0-0 Be7 9. Re1 0-0 10. c5 Qxb3 11. axb3 Rfe8 12. b4 a6 13. Bf4 h6 14. h3 Bf5 15. g4 Bh7 16. Nd2 Bf8 17. Nb3 e5 18. dxe5 Nxe5 19. Na5 Nfd7 20. Na2 Rab8 21. Rac1 f5 22. gxf5 Bxf5 23. Red1 g5 24. Bg3 Bg7 25. Rd2 Nf6 26. Rcd1 Re7 27. Nc3 Nh5 28. e4 Nxg3 29. fxg3 dxe4 30. Nxe4 Bxe4 31. Bxe4 Rf8 32. Rd8 Nf7 33. Rxf8+ Kxf8 34. Bf5 Bxb2 35. Bc8 Bc3 36. Rb1 Nd8 37. Kg2 Rc7 38. Bg4 Nf7 39. Rb3 Be5 40. Rd3 Ke7 41. Nc4 Kf8 42. Bh5 Re7 43. Rf3 Bc7 44. Nd6 Bxd6 45. cxd6 Rd7 46. Bxf7 Rxf7 47. d7 1-0

[Event "Paris-ch op-B"]
[Site "Paris"]
[Date "2005.07.13"]
[Round "5"]
[White "Gervasio, Ricardo"]
[Black "Trommsdorf, Fro"]
[Result "1-0"]
[WhiteElo "2255"]
[BlackElo "2154"]
[PlyCount "55"]
[EventDate "2005.07.09"]
[EventType "swiss"]
[EventRounds "9"]
[EventCountry "FRA"]
[SourceTitle "EXT 2006"]
[Source "ChessBase"]
[SourceDate "2005.11.24"]
[SourceVersion "1"]
[SourceVersionDate "2005.11.24"]
[SourceQuality "1"]

1. e4 g6 2. Bc4 Bg7 3. Qf3 Nh6 4. d4 0-0 5. Ne2 c6 6. a4 d6 7. h3 Kh8 8. g4 e5 9. dxe5 dxe5 10. g5 Ng8 11. h4 f6 12. h5 fxg5 13. hxg6 h6 14. Qh5 Qb6 15. Bf7 Nd7 16. Nbc3 Ndf6 17. Qxg5 Ng4 18. Qh4 Ne7 19. f3 Nxg6 20. Bxg6 Rxf3 21. a5 Qc5 22. Bg5 Kg8 23. 0-0-0 Be6 24. Rhf1 Rxf1 25. Rxf1 Qxa5 26. Kb1 b5 27. Bf5 Bxf5 28. exf5 1-0

[Event "Syre Memorial op 28th"]
[Site "Issy les Moulineaux"]
[Date "2005.05.05"]
[Round "1"]
[White "Trommsdorf, Fro"]
[Black "Launiau, Stephane"]
[Result "0-1"]
[WhiteElo "2194"]
[BlackElo "2041"]
[PlyCount "114"]
[EventDate "2005.05.05"]
[EventType "swiss"]
[EventRounds "6"]
[EventCountry "FRA"]
[SourceTitle "EXT 2007"]
[Source "ChessBase"]
[SourceDate "2006.11.23"]
[SourceVersion "1"]
[SourceVersionDate "2006.11.23"]
[SourceQuality "1"]

1. Nf3 d5 2. c4 e6 3. d4 Nf6 4. Nc3 c6 5. Bg5 Nbd7 6. e3 Qa5 7. Nd2 Bb4 8. Qc2 0-0 9. a3 Ne4 10. Ndxe4 dxe4 11. Bh4 g5 12. Bg3 f5 13. 0-0-0 Bxc3 14. Bd6 Bxb2+ 15. Qxb2 Rf7 16. Be2 Nf6 17. f3 Bd7 18. h4 exf3 19. gxf3 g4 20. h5 h6 21. Rdg1 Kh7 22. Qc2 b5 23. fxg4 Ne4 24. Bb4 Qa4 25. Qxa4 bxa4 26. gxf5 exf5 27. Rh2 Rg7 28. Rxg7+ Kxg7 29. Bd1 c5 30. Ba5 cxd4 31. exd4 Rc8 32. Rc2 Kf6 33. Bd2 Nxd2 34. Kxd2 f4 35. Kc3 Rg8 36. Rf2 Rg3+ 37. Kb4 Kg5 38. d5 a5+ 39. Kc5 Rxa3 40. Kd6 Bg4 41. Rd2 f3 42. c5 Rd3 43. Rxd3 f2 44. Rg3 f1Q 45. Rxg4+ Kf5 46. Rxa4 Qxd1 47. Rxa5 Qxh5 48. c6 Qg6+ 49. Kc7 Qf7+ 50. Kb6 Ke5 51. c7 Qf8 52. Kc6 Qd6+ 53. Kb7 Qb4+ 54. Ka6 Qc3 55. Kb6 Kd6 56. Ra7 Qd4+ 57. Kb7 Qxa7+ 0-1

[Event "FRA-chT2 0405"]
[Site "France"]
[Date "2004.11.06"]
[Round "2.5"]
[White "Renaudin, Mathieu"]
[Black "Trommsdorf, Fro"]
[Result "1/2-1/2"]
[WhiteElo "2164"]
[BlackElo "2122"]
[PlyCount "74"]
[EventDate "2004.10.10"]
[EventType "team"]
[EventRounds "11"]
[EventCountry "FRA"]
[SourceTitle "EXT 2006"]
[Source "ChessBase"]
[SourceDate "2005.11.24"]
[SourceVersion "1"]
[SourceVersionDate "2005.11.24"]
[SourceQuality "1"]
[WhiteTeam "Rueil Malmaison"]
[BlackTeam "Issy les Moulineaux"]
[WhiteTeamCountry "FRA"]
[BlackTeamCountry "FRA"]

1. Nf3 g6 2. c4 Bg7 3. d4 Nf6 4. Nc3 0-0 5. e4 d6 6. Be2 e5 7. Be3 Ng4 8. Bg5 f6 9. Bc1 Nc6 10. h3 Nh6 11. dxe5 fxe5 12. Bg5 Qd7 13. Qd2 Nf7 14. Be3 b6 15. 0-0 Ncd8 16. Rfd1 Ne6 17. Ne1 Nd4 18. Bg4 Qd8 19. Bxc8 Qxc8 20. Nc2 c5 21. Nd5 Qd7 22. Qd3 Nd8 23. Nxd4 exd4 24. Bd2 Nc6 25. f4 Rae8 26. b3 Qd8 27. Rf1 Rf7 28. Rae1 Qh4 29. Kh2 g5 30. g3 Qh5 31. Qe2 Qxe2+ 32. Rxe2 h5 33. f5 g4 34. Bf4 Rxf5 35. Nc7 Re7 36. Nd5 Re8 37. Nc7 Re7 1/2-1/2

[Event "Saarlouis op 6th"]
[Site "Saarlouis"]
[Date "2003.05.31"]
[Round "5"]
[White "Trommsdorf, Fro"]
[Black "Hack, Thomas1111"]
[Result "1/2-1/2"]
[WhiteElo "2199"]
[BlackElo "2062"]
[PlyCount "70"]
[EventDate "2003.05.??"]
[EventType "swiss"]
[EventRounds "7"]
[EventCountry "GER"]
[SourceTitle "EXT 2006"]
[Source "ChessBase"]
[SourceDate "2005.11.24"]
[SourceVersion "1"]
[SourceVersionDate "2005.11.24"]
[SourceQuality "1"]

1. d4 Nf6 2. Nf3 e6 3. Bg5 d5 4. Nbd2 Be7 5. e3 Nbd7 6. Bd3 0-0 7. 0-0 c6 8. Qe2 Re8 9. e4 dxe4 10. Nxe4 Nf8 11. Nxf6+ Bxf6 12. h4 b6 13. Rad1 Bb7 14. Be4 Qe7 15. Qe3 Rac8 16. Ne5 h6 17. Bxf6 Qxf6 18. Qg3 Qe7 19. Rfe1 c5 20. Ng4 Bxe4 21. Rxe4 Kh7 22. Ne3 Qc7 23. Qxc7 Rxc7 24. d5 Rd8 25. c4 Rcd7 26. Kh2 h5 27. Re1 g6 28. f3 exd5 29. cxd5 Kg7 30. g4 hxg4 31. fxg4 Nh7 32. g5 f6 33. Rg4 fxg5 34. hxg5 Re8 35. Rgg1 Re5 1/2-1/2

[Event "GER-chT Seniors 11th"]
[Site "Bad Segeberg"]
[Date "2002.08.08"]
[Round "3.3"]
[White "Trommsdorf, Fro"]
[Black "Schmidt, Niels Peter"]
[Result "1-0"]
[WhiteElo "2212"]
[BlackElo "1982"]
[PlyCount "120"]
[EventDate "2002.08.06"]
[EventType "team"]
[EventRounds "7"]
[EventCountry "GER"]
[SourceTitle "EXT 2003"]
[Source "ChessBase"]
[SourceDate "2002.11.25"]
[SourceVersion "1"]
[SourceVersionDate "2002.11.25"]
[SourceQuality "1"]
[WhiteTeam "Brandenburg"]
[BlackTeam "Schleswig Holstein"]
[WhiteTeamCountry "GER"]
[BlackTeamCountry "GER"]

1. d4 d5 2. Nf3 Nf6 3. Bg5 e6 4. e3 Nbd7 5. Nbd2 Be7 6. Bd3 0-0 7. 0-0 c5 8. c3 b6 9. e4 dxe4 10. Nxe4 Bb7 11. Qe2 Nxe4 12. Bxe7 Qxe7 13. Bxe4 Bxe4 14. Qxe4 Nf6 15. Qh4 Rfd8 16. Rfe1 Qc7 17. Re2 Rd5 18. dxc5 Qxc5 19. Rae1 Rad8 20. Qa4 Qc7 21. Nd4 h6 22. h3 Ra5 23. Qc6 Rc5 24. Qf3 Rcd5 25. Qe3 Rg5 26. Nf3 Nd5 27. Qe4 Rf5 28. Rd2 Nf6 29. Rxd8+ Qxd8 30. Qb7 Qd7 31. Qxd7 Nxd7 32. Rd1 Nf6 33. Rd8+ Kh7 34. Ra8 Ra5 35. a3 Ne4 36. Nd4 Ra4 37. Nc6 a6 38. Ra7 f6 39. Nd4 Ng5 40. Re7 Kg6 41. Nxe6 Nxe6 42. Rxe6 b5 43. Kf1 Kf5 44. Re7 g5 45. Ke2 h5 46. Ke3 g4 47. h4 Rc4 48. Rh7 Kg6 49. Ra7 Rc6 50. Rd7 Re6+ 51. Kd2 f5 52. b3 f4 53. Rd3 Kf5 54. c4 bxc4 55. bxc4 Re4 56. c5 Ke5 57. Kc3 Re1 58. Kc4 Rc1+ 59. Rc3 Rd1 60. Kb4 Rd8 1-0